000 00488ntaaa2200193 4500
003 01
005 20251027201740.0
008 0714s1973 ag 01
040 _aAR-BaBN
_bspa
_cAR-BaBN
_eaacr
_dRIC
082 _a239.0000 N55
100 _aNieto, Luis
_914486
245 _aNueva visión de un ex sacerdote
250 _a1 ed.
260 _aEl Paso :
_bCasa Bautista de Publicaciones,
_cc1957
300 _a107 p
650 _acatolicismo
_9316
650 _aapologética
942 _cBK
999 _c12157
_d12157